00717nam a2200169 a 4500008004100000050001400041245008200055260005200137300001000189350000900199650001700208650002400225650004200249995010900291999001700400952013000417120416s1967 ||||||||||||||||| || u aDT 31 Pat00aPatterns of African development: five comparisonscedited by Herbert J. Spiro aEnglewood Cliffs, N.J.:bFT Prentice-Hallc1967 a114p. a0.00 7aAFRICA2fast aDEVELOPMENT--AFRICA aAFRICA--ECONOMIC ASPECTS--DEVELOPMENT D0.00FCBU-MAIN LIBRARY (Kitwe)H1I10.00M1UAVAILABLEWAug 2, 2006ZMain Library Open Access Collection c53215d53215 00102lcc4070a001b001cMain Library Open Access Collectiond2022-11-30l0oDT 31 Patp000728r2022-11-30w2022-11-30y002